Dyslexia literacy and inclusion : (Record no. 137687)

MARC details
000 -LEADER
fixed length control field 00733nam a22002297a 4500
005 - DATE AND TIME OF LATEST TRANSACTION
control field 20170217124823.0
010 ## - LCCN (DPL NO)
LC control number ENG-117290
020 ## - INTERNATIONAL STANDARD BOOK NUMBER
International Standard Book Number 9789386062611
Terms of availability 650.00
035 ## - SYSTEM CONTROL NUMBER
System control number EN-100822
037 ## - SOURCE OF ACQUISITION
Source of stock number/acquisition DBAD/PUB
082 00 - DEWEY DECIMAL CLASSIFICATION NUMBER
Classification number 371.9144
100 ## - MAIN ENTRY--PERSONAL NAME
Personal name Macblain,Sean
245 10 - TITLE STATEMENT
Title Dyslexia literacy and inclusion :
Statement of responsibility, etc by Sean Macblain,Louise Long [and] Jill Dunn
Remainder of title child-centered perspectives /
246 ## - VARYING FORM OF TITLE
Title proper/short title 2nd ed.
260 ## - PUBLICATION, DISTRIBUTION, ETC. (IMPRINT)
Place of publication, distribution, etc New Delhi
Name of publisher, distributor, etc SAGE Publications
Date of publication, distribution, etc 2017
270 ## - ADDRESS
Address B1/I-1 Mohan Cooperative Industrial Area, Mathura Road
City New Delhi
Postal code 110044
300 ## - PHYSICAL DESCRIPTION
Extent xvi,210p.
Dimensions 24cm(pbk)
500 ## - GENERAL NOTE
General note Includes index
700 ## - ADDED ENTRY--PERSONAL NAME
Personal name Long,Louise
700 ## - ADDED ENTRY--PERSONAL NAME
Personal name Dunn,Jill
942 ## - ADDED ENTRY ELEMENTS (KOHA)
Source of classification or shelving scheme Dewey Decimal Classification
Item type English Books
Classification part 371.9144
Call number suffix MAC
Holdings
Withdrawn status Lost status Not for loan Collection code Home library Current library Date acquired Source of acquisition Cost, normal purchase price Full call number Barcode Copy number Cost, replacement price Koha item type
    Not For Loan Non-fiction D.B.Act.Division Bawana 17/02/2017 DBAD/PUB 650.00 371.9144 MAC EN-100822 1 650.00 English Books

© Delhi Public Library
Hit Counter
free hit counter